LEADER 03326nam 2200589 a 450 001 9910141264703321 005 20230801223308.0 010 $a1-280-76873-8 010 $a9786613679505 010 $a1-118-26751-6 010 $a1-118-26866-0 010 $a1-118-26850-4 035 $a(CKB)2670000000205219 035 $a(EBL)827148 035 $a(OCoLC)793995927 035 $a(SSID)ssj0000641938 035 $a(PQKBManifestationID)11389270 035 $a(PQKBTitleCode)TC0000641938 035 $a(PQKBWorkID)10628355 035 $a(PQKB)11370086 035 $a(MiAaPQ)EBC827148 035 $a(Au-PeEL)EBL827148 035 $a(CaPaEBR)ebr10580225 035 $a(CaONFJC)MIL367950 035 $a(EXLCZ)992670000000205219 100 $a20111116d2012 uy 0 101 0 $aeng 135 $aur|n|---||||| 181 $ctxt 182 $cc 183 $acr 200 00$aTelomerases$b[electronic resource] $echemistry, biology, and clinical applications /$fedited by Neal F. Lue, Chantal Autexier 205 $a1st. ed. 210 $aHoboken, N.J. $cWiley$d2012 215 $a1 online resource (336 p.) 300 $aDescription based upon print version of record. 311 $a0-470-59204-4 320 $aIncludes bibliographical references and index. 327 $aThe telomerase complex : an overview / Johanna Mancini and Chantal Autexier -- Telomerase RNA : structure, function, and molecular mechanisms / Yehudi Tzfati and Julian J.-L. Chen -- TERT structure, function, and molecular mechanisms / Emmanuel Skordalakes and Neal F. Lue -- Telomerase biogenesis : RNA Processing, trafficking and protein Interactions / Tara Beattie and Pascal Chartrand -- Transcriptional regulation of human telomerase / Antonella Farsetti and Yu-Sheng Cong -- Telomerase regulation and telomere length homeostasis / Joachim Lingner and David Shore -- Telomere structure in telomerase regulation / Momchil D. Vodenicharov and Raymund J. Wellinger -- Off-telomere functions of telomerase / Kenkichi Masutomi and William C. Hahn -- Murine Models of Dysfunctional Telomeres and Telomerase / Yie Liu and Lea Harrington -- Cellular senescence, telomerase, and cancer in human cells / Phillip G. Smiraldo ... [et al.] -- Telomerase, retrotransposons, and evolution / Irina R. Arkhipova. 330 $a"This book is a comprehensive and up-to-date review and evaluation of the contemporary status of telomerase research. Chapters in this volume cover the basic structure, mechanisms, and diversity of the essential and regulatory subunits of telomerase. Other topics include telomerase biogenesis, transcriptional and post-translational regulation, off-telomere functions of telomerase and the role of telomerase in cellular senescence, aging and cancer. Its relationship to retrotransposons, a class of mobile genetic elements that shares similarities with telomerase and serves as telomeres in selected organisms, are also reviewed"--Provided by publisher. 606 $aTelomerase 615 0$aTelomerase. 676 $a572.8/6 701 $aLue$b Neal F.$f1962-$0871481 701 $aAutexier$b Chantal$f1963-$0871482 801 0$bMiAaPQ 801 1$bMiAaPQ 801 2$bMiAaPQ 906 $aBOOK 912 $a9910141264703321 996 $aTelomerases$91945503 997 $aUNINA LEADER 02630nam 2200625 450 001 9910828537103321 005 20210713001941.0 010 $a0-8218-7808-5 010 $a0-8218-0793-5 035 $a(CKB)3240000000069745 035 $a(EBL)3113060 035 $a(SSID)ssj0001339050 035 $a(PQKBManifestationID)11873835 035 $a(PQKBTitleCode)TC0001339050 035 $a(PQKBWorkID)11349280 035 $a(PQKB)10379146 035 $a(SSID)ssj0000746730 035 $a(PQKBManifestationID)11447841 035 $a(PQKBTitleCode)TC0000746730 035 $a(PQKBWorkID)10867993 035 $a(PQKB)11383347 035 $a(MiAaPQ)EBC3113060 035 $a(WaSeSS)Ind00040397 035 $a(RPAM)2599540 035 $a(PPN)197105432 035 $a(EXLCZ)993240000000069745 100 $a19971020h19981998 uy| 0 101 0 $aeng 135 $aur|n|---||||| 181 $ctxt 182 $cc 183 $acr 200 10$aWavelets, multiwavelets, and their applications $eAMS Special Session on Wavelets, Multiwavelets, and Their Applications, January, 1997, San Diego, California /$fAkram Aldroubi, EnBing Lin, editors 210 1$aProvidence, Rhode Island :$cAmerican Mathematical Society,$d[1998] 210 4$dİ1998 215 $a1 online resource (190 p.) 225 1 $aContemporary mathematics,$x0271-4132 ;$v216 300 $aDescription based upon print version of record. 320 $aIncludes bibliographical references. 327 $a""Contents""; ""Part I. Wavelet Theory and Applications""; ""Extensions of no-go theorems to many signal systems""; ""Wavelet sets in Rn. II""; ""An analogue of Cohen's condition for nonuniform multiresolution analyses""; ""Positive estimation with wavelets""; ""A class of quasi-orthogonal wavelet bases""; ""Part II. Multiwavelet Theory and Applications""; ""Characterization and parameterization of multiwavelet bases""; ""Nonhomogeneous refinement equations""; ""Multi-scaling function interpolation and approximation""; ""A note on construction of biorthogonal multi-scaling functions"" 410 0$aContemporary mathematics (American Mathematical Society) ;$v216. 606 $aWavelets (Mathematics)$vCongresses 606 $aElectronic books 615 0$aWavelets (Mathematics) 615 0$aElectronic books. 676 $a515/.2433 702 $aAldroubi$b Akram 702 $aLin$b EnBing$f1953- 801 0$bMiAaPQ 801 1$bMiAaPQ 801 2$bMiAaPQ 906 $aBOOK 912 $a9910828537103321 996 $aWAVELETS, multiwavelets, and their applications$9345587 997 $aUNINA